00330 a2200109 4500001000900000005001700009008004100026245004600067100001800113773007200131999001700203ART_344220260410161714.0260409a 10aFlexibilidad automática en la Argentina1 aRezk, Ernesto0 tDesarrollo económicog- Vol. 23, Nº 90 (jul./sep. 1983)wREV1174 c16394d16394